Direito Constitucional do Trabalho

Detalles Bibliográficos
Autor principal: Araj︢o Farias, James Magno
Formato: Libro
Lenguaje:portugués
Publicado: Brasil LTR 2016
Materias:
Acceso en línea:Acceso restringido

MARC

LEADER 00000nam a22000007a 4500
005 20160413120652.0
007 cr|||| ||
008 160413s2015 bl ||||| |||| 00||0 por d
020 |a 978-85-361-8694-8 
035 |a 14094 
040 |a vLex  
090 |c 5979  |d 5979 
100 1 |a Araj︢o Farias, James Magno 
245 1 0 |a  Direito Constitucional do Trabalho  |h [Recurso electrn̤ico] /  |c James Magno Araj︢o Farias 
256 |a Servicio en ln̕ea  
260 |a Brasil   |b LTR  |c 2016 
300 |a 1 recurso electrn̤ico  
506 1 |a Contenido solo disponible en los productos indicados  |d vLex Global  |d vLex Global (Academic Edition, excluding Law Schools)  |d vLex Global (U.S. Academic Edition, Law Schools)  |d vLex Global (U.S. Academic Edition, excluding Law Schools)  |d vLex Global (Academic Edition, Law Schools) 
650 0 4 |a Derecho constitucional   |z Brasil  
740 0 |a vLex libros (servicio en ln̕ea)  
856 4 0 |u http://vlex.com/source/direito-constitucional-trabalho-14094  |z Acceso restringido  
942 |c BOOK 
999 0 |a Constitutional law